| 000 | 01079nam a22003857a 4500 | ||
|---|---|---|---|
| 003 | OSt | ||
| 008 | 150511b xxu||||| |||| 00| 0 eng d | ||
| 100 | 1 | _aHornadge, Bill | |
| 041 | _aeng | ||
| 245 | 1 | 0 | _aThe Pitcairn Islands stamp catalogue |
| 246 | 1 | 0 | _athe stamps, postal history, postal stationery, postal markings etc. / |
| 260 |
_aDubbo, Australia _bReview Publications Pty. Ltd, |
||
| 300 | _a0 pages | ||
| 650 | 0 | _aPitcairn Islands (1940-) | |
| 650 | 0 | _aPitcairn Islands | |
| 650 | 0 | _aCatalogs and Price Lists | |
| 650 | 0 | _aProduction | |
| 650 | 0 | _aErrors and Varieties | |
| 650 | 0 | _aDesigns | |
| 650 | 0 | _aPlate Blocks and Numbers | |
| 650 | 0 | _aPostal History | |
| 650 | 0 | _aPostal Markings | |
| 650 | 0 | _aCovers | |
| 650 | 0 | _aPostal Stationery | |
| 650 | 0 | _aAir Mail | |
| 650 | 0 | _aMaritime Mail | |
| 650 | 0 | _aShipping Companies and Packet Service | |
| 650 | 0 | _aRegistered Mail | |
| 650 | 0 | _aBooklets and Minipacks | |
| 650 | 0 | _a1940 | |
| 650 | 0 | _aSpecimens | |
| 650 | 0 | _aCachets | |
| 650 | 0 | _aBritish Colonies | |
| 650 | 0 | _aBibliographies | |
| 999 |
_c1458 _d1458 |
||